Institutional frameworks and labor market performance : Comparative views on the U.S. and German economies

Αποθηκεύτηκε σε:
Λεπτομέρειες βιβλιογραφικής εγγραφής
Άλλοι συγγραφείς: Buttler, Friedrich (Επιμελητής έκδοσης)
Μορφή: Βιβλίο
Γλώσσα:English
Δημοσίευση: London : Routledge, c1995
Θέματα:
Ετικέτες: Προσθήκη ετικέτας
Δεν υπάρχουν, Καταχωρήστε ετικέτα πρώτοι!

MARC

LEADER 00000nam a2200000 i 4500
001 1/92594
008 991115s1995 eng d
020 |a 0-415-12118-3 
035 |l 10054105 
040 |a GR-MY-UA  |b gre  |e aacr 
041 0 |a eng 
082 0 |a 331.120943 
245 1 0 |a Institutional frameworks and labor market performance :  |b Comparative views on the U.S. and German economies /  |c edited by Friedrich Buttler ... [et al.] 
260 |a London :   |b Routledge,   |c c1995 
300 |a 352 p. 
504 |a Includes bibliographical references and index 
650 0 0 |a Labor market  |z United States. 
650 0 0 |a Labor market  |z Germany. 
700 1 |a Buttler, Friedrich.  |4 edt 
852 |a INST  |b LESVOS  |e 19991115  |h 331.120943 INS  |p 005100022274  |q 005100022274  |t BK  |y 0 
901 |a BIBL1-2000-1 
909 |a Λ  |b 066817 
922 |a 1ΕΛΗ  |b 199907  |c ΚΠΣ/ΤΚ  |d ΠΑΠΑΣΩΤΗΡΙΟΥ 
950 |a 103-1998-07-27 
970 |a ΤΖΑΦΕΡΗ  |b ΕΥΑΓΓΕΛΙΑ  |z 2000/01/13